Statistics for Can You Name These Coins?

Click here to take the quiz!

General Stats

  • This quiz has been taken 61 times
  • The average score is 11 of 16

Answer Stats

Answer% Correct
Penny
100%
Nickel
96%
Indian Head Cent
83%
Mercury Dime
83%
Buffalo Nickel
81%
Susan B. Anthony
75%
Eisenhower Dollar
73%
Silver 3 Cent
65%
Barber Quarter
63%
Franklin Half
63%
Shield Nickel
58%
Walking Liberty
58%
Flying Eagle Cent
56%
Half Cent
50%
Large Cent
50%
Half Dime
40%

Score Distribution

Percentile by Number Answered

Percent of People with Each Score

Your Score History

You have not taken this quiz